| 000 | 00939nam a22002652a 4500 | ||
|---|---|---|---|
| 001 | 49766 | ||
| 003 | BD-RJUL | ||
| 005 | 20211209054727.0 | ||
| 008 | 160822s1963 enka b 000 0 eng d | ||
| 035 | _aBD-RJUL 49886 | ||
| 040 |
_aDLC _cWSU _dOCL _dSER _dUKM _dEQO _beng |
||
| 041 | _aeng | ||
| 082 |
_a370.944 _bFRE 1963 |
||
| 100 | 1 | 0 |
_aFraser, W. R. _9149190 |
| 245 | 1 | 0 |
_aEducation and society in modern France / _cby W. R. Fraser |
| 260 |
_aLondon : _bRoutledge & K. Paul ; _aNew York : _bHumanities Press, _c[1963] |
||
| 300 |
_aix, 140 p. : _bill. ; _c23 cm |
||
| 490 | 1 | _aInternational Library of Sociology and Social Reconstruction, London | |
| 504 | _aBibliography: p. 135-137 | ||
| 650 | 0 |
_aEducation _zFrance _9149150 |
|
| 651 | 0 |
_aFrance _xSocial conditions. _9149191 |
|
| 830 | 0 |
_aInternational library of sociology and social reconstruction (Routledge & Kegan Paul) _9116496 |
|
| 942 |
_2ddc _cBK |
||
| 999 |
_c49766 _d49766 |
||